Best NBA players at each roles - Statistics

General Stats
  • This quiz has been taken 65 times
    50 since last reset
  • The average score is 20 of 25
Answer Stats
Position Main team Player % Correct
PG GSW Stephen Curry
100%
SF LAL LeBron James
95%
PG LAL Magic Johnson
92%
SG CHI Michael Jordan
92%
PG PHX Steve Nash
90%
PG UTA John Stockton
87%
SG LAL Kobe Bryant
87%
C GSW Wilt Chamberlain
87%
PF DAL Dirk Nowitzki
85%
PF UTA Karl Malone
82%
C HOU Hakeem Olajuwon
82%
SF BKN Kevin Durant
82%
SF BOS Larry Bird
82%
C LAL Shaquille O'neal
82%
PF SA Tim Duncan
82%
C BOS Bill Russell
79%
PF PHX Charles Barkley
79%
PF MIN Kevin Garnett
79%
SF CHI Scottie Pippen
79%
SG PHI Allen Iverson
74%
SF PHI Julius Erving
74%
C LAL Kareem Abdul Jabbar
72%
PG SAC Oscar Robertson
72%
SG POR Clyde Drexler
67%
SG MIA Dwayne wade
33%
No matching quizzes found
Score Distribution
Percent of People with Each Score
Percentile by Number Answered
Your Score History
You have not taken this quiz since the last reset